Extraits de Chansons - Statistiques

Statistiques générales
  • Ce quiz a été pris 64 fois
  • Le résultat moyen est 29 sur 60
Statistiques - réponses
Réponse % Correct
Angèle
80%
Santiano
78%
Zaz
78%
Balance ton quoi
76%
MC Solaar
72%
Renaud
70%
Caroline
69%
Je veux
69%
Le Jerk
67%
Hugues Aufray
65%
Bénabar
63%
Claudio Capéo
63%
Louise Attaque
63%
Georges Brassens
61%
Jour 1
61%
Les Copains d'abord
61%
Louane
61%
Laisse béton
59%
Thierry Hazard
59%
Elsa
57%
Léa
56%
Un homme de bout
54%
Kyo et Sita
52%
Le Dîner
52%
Indochine
50%
La Femme Chocolat
50%
L'Aventurier
50%
Le Chemin
48%
Amsterdam
46%
Jacques Brel
46%
Olivia Ruiz
46%
T'en va pas
46%
Vanessa Paradis
46%
Cargo
44%
Voyage, voyage
44%
Armstrong
43%
Axel Bauer
43%
Desireless
43%
Stephan Eicher
43%
Claude Nougaro
41%
Déjeuner en paix
41%
Mon coeur, mon amour
41%
Florent Pagny
39%
Anaïs
37%
J'ai vu
37%
Niagara
37%
N'importe quoi
35%
IAM
33%
Etienne
31%
Je danse le Mia
31%
Le France
30%
Michel Sardou
30%
Guesch Patti
28%
Mylène Farmer
28%
Voyage en Italie
28%
Désenchantée
26%
Lilicub
26%
Marylin & John
26%
Simon Papa Tara
9%
Yannick Noah
9%
Aucun quiz correspondant
Distribution des résultats
% des personnes avec chaque résultat
Percentile par nombre de réponses
Votre historique - résultats
Vous n’avez pas pris ce quiz